| 000 | 00435nam a22001697a 4500 | ||
|---|---|---|---|
| 003 | NUST - PNEC | ||
| 005 | 20170116181152.0 | ||
| 008 | 151201b xxu||||| |||| 00| 0 eng d | ||
| 020 | _a0071254080 | ||
| 040 | _cLIBRARY | ||
| 082 | _a629.1323 AND | ||
| 100 |
_915481 _a Anderson, John D., |
||
| 245 |
_aFundamentals of aerodynamics _cJohn D. Anderson |
||
| 260 | _cc.2007 | ||
| 650 |
_915483 _aAerodynamics _xME |
||
| 942 |
_2ddc _cBK |
||
| 999 |
_c70981 _d70981 |
||